000 00318 a2200145 4500
001 154942
040 _cEscola São Tomás de Aquino
240 1 0 _aBuriti Geografia
_lpor
245 1 0 _aBuriti Geografia
300 _a136
362 0 _a2015
440 1 _aModerna
697 _aGEOGRAFIA GERAL / VIAGENS
942 _cBK
999 _c154942
_d154942